Logo BPK

Biblioteka

Politechniki Koszalińskiej

Atlas geologiczny południowego Bałtyku = (Rekord nr 35219)

Szczegóły MARC
000 -ETYKIETA REKORDU
podpole kontrolne o stałej długości 00822nem a2200217 i 4500
001 - NUMER KONTROLNY REKORDU
pole kontrolne bg
040 ## - ŹRÓDŁO KATALOGOWANIA
Instytucja, która utworzyła rekord BPK
041 0# - KOD JĘZYKA
Kod języka tekstu plen
080 ## - UNIWERSALNA KLASYFIKACJA DZIESIĘTNA - UKD
UKD 912A/Z:55](438)
008 - POLE O STAŁEJ DŁUGOŚCI - DANE KONTROLNE
podpole kontrolne o stałej długości s pl f |000 0 pol
245 00 - TYTUŁ/ODPOWIEDZIALNOŚĆ
Tytuł Atlas geologiczny południowego Bałtyku =
Ciąg dalszy tytułu Geological atlas of the Southern Baltic /
Pozostałe elementy strefy tytułu i oznaczenia odpowiedzialności [aut. Ryszard Dadlez et al.] ; Państwowy Instytut Geologiczny.
246 11 - WARIANT TYTUŁU
Tytuł Geological atlas of the Southern Baltic
255 ## - STREFA DANYCH MATEMATYCZNYCH
Oznaczenie skali 1 : 500000
260 ## - STREFA ADRESU WYDAWNICZEGO
Miejsce wydania Sopot ;
-- Warszawa :
Nazwa wydawcy/dystrybutora Wydaw. Kartograficzne Polskiej Agencji Ekologicznej,
Data publikacji, dystrybucji/powstania dokumentu 1995.
300 ## - STREFA OPISU FIZYCZNEGO
Objętość Teka (63 s.,35 k. tabl. w tym złoż.) :
Inne cechy fizyczne mapy kolor. ;
Rozmiary 30 x 44 cm.
504 ## - UWAGA DOTYCZĄCA BIBLIOGRAFII
Informacje o bibliografii Bibliogr. s. 55-63.
651 #9 - HASŁO PRZEDMIOTOWE W FORMIE NAZWY GEOGRAFICZNEJ
Nazwa geograficzna Bałtyk
Określnik ogólny geologia
655 ## - TERMIN INDEKSOWY - OKREŚLENIE RODZAJU/FORMY DOKUMENTU
Określenie rodzaju/formy dokumentu Mapy
856 ## - LOKALIZACJA I DOSTĘP DO ELEKTRONICZNYCH DOKUMENTÓW ZDALNYCH
Link (URL) http://koha.tu.koszalin.pl/cgi-bin/koha/opac-detail.pl?biblionumber=35219
Tekst linku Katalog online BPK
942 ## - DODATKOWE ELEMENTY (KOHA)
Typ dokumentu Kartograficzne
Egzemplarze
Wycofany Status egzemplarza Uszkodzony Dostępność Lokalizacja stała Lokalizacja bieżąca Miejsce przechowywania Sygnatura Kod kreskowy Typ dokumentu
      Dostępny Biblioteka Politechniki Koszalińskiej Biblioteka Politechniki Koszalińskiej Wypożyczalnia BG MP 1096 00312660 Kartograficzne
© 2023 Biblioteka Politechniki Koszalińskiej :: KOHA